000 00940cam a22002294a 4500
005 20250605164215.0
008 250528s ||||||||||||||||||||||||d
035 _a20429
020 _a340575999
040 _aGR-AtMCL
_bgre
_dGR-AtMCL
_eAACR2
245 1 _aModern Literary Theory / A Reader
250 _a2nd
260 _c1992
300 _a374
520 _aExamples of the writings of many key figures in the field along with seminal essays that have explored and extended the implications of critical theory. Acknowledgements, Preface, Introduction, Saussure, Russian Formalism, Structuralism, Marxism, Reader Theory, Feminism, Introduction, The Subject, Language and Textuality, Discourse and the social, New Historicism, Postmodernism, Bibliography, Index.
700 1 _aEdward Arnold
_9242
700 1 _aRice Philip
_96412
700 1 _aWaugh Patricia
_96413
942 _cBK
999 _c5538
_d5538